Analysis of the magnitude and frequency of peak discharges for the Navajo Nation in Arizona, Utah, Colorado, and New Mexico /

Bibliographic Details
Main Author: Waltemeyer, Scott D.
Corporate Authors: United States. Bureau of Indian Affairs, Geological Survey (U.S.)
Format: Government Document eBook
Language:English
Published: Reston, Va. : U.S. Dept. of the Interior, U.S. Geological Survey, [2006]
Series:Scientific investigations report ; 2006-5306.
Subjects:
Online Access:https://purl.fdlp.gov/GPO/LPS81331

MARC

Tag First Indicator Second Indicator Subfields
LEADER 00000cam a2200000Ia 4500
001 in00002255672
005 20211129153213.0
006 m d f
007 cr mn|||||||||
008 070406s2006 vaubd sb f000 0 eng d
035 |a (OCoLC)ocn122509189 
040 |a GIS  |c GIS  |d GPO  |d MvI  |d UtOrBLW 
049 |a WWW 
074 |a 0624-B-02 (online) 
086 0 |a I 19.42/4-4:2006-5306 
100 1 |a Waltemeyer, Scott D. 
245 1 0 |a Analysis of the magnitude and frequency of peak discharges for the Navajo Nation in Arizona, Utah, Colorado, and New Mexico /  |c by Scott D. Waltemeyer ; prepared in cooperation with the Bureau of Indian Affairs. 
264 1 |a Reston, Va. :  |b U.S. Dept. of the Interior, U.S. Geological Survey,  |c [2006] 
300 |a iv, 42 pages :  |b digital, PDF file. 
336 |a text  |b txt  |2 rdacontent 
337 |a computer  |b c  |2 rdamedia 
338 |a online resource  |b cr  |2 rdacarrier 
490 1 |a Scientific investigations report ;  |v 2006-5306 
538 |a Mode of access: Internet from the USGS web site. Address as of 5/09/2007: http://pubs.usgs.gov/sir/2006/5306/pdf/sir2006-5306%5F508.pdf ; current access is available via PURL. 
500 |a Title from title screen (viewed May 9, 2007). 
504 |a Includes bibliographical references (pages 10-11). 
500 |a Electronic resource. 
650 0 |a Floods  |z Navajo Nation, Arizona, New Mexico & Utah. 
650 0 |a Flood forecasting  |z Navajo Nation, Arizona, New Mexico & Utah. 
650 0 |a Hydrology  |z Navajo Nation, Arizona, New Mexico & Utah. 
710 1 |a United States.  |b Bureau of Indian Affairs. 
710 2 |a Geological Survey (U.S.) 
830 0 |a Scientific investigations report ;  |v 2006-5306. 
856 4 0 |u https://purl.fdlp.gov/GPO/LPS81331  |t 0 
999 |a MARS 
999 f f |s 628fa545-4b7a-3926-a2b0-cbd91e693bc4  |i c34f3115-262d-3031-ba22-f45b97b6dbf5  |t 0 
952 f f |a Texas A&M University  |b College Station  |c Electronic Resources  |d Available Online  |t 0  |e I 19.42/4-4:2006-5306  |h Superintendent of Documents classification 
998 f f |a I 19.42/4-4:2006-5306  |t 0  |l Available Online